| 000 -LEADER |
| fixed length control field |
00670cam a2200229 a 4500 |
| 001 - CONTROL NUMBER |
| control field |
1115777 |
| 005 - DATE AND TIME OF LATEST TRANSACTION |
| control field |
20171215075627.0 |
| 008 - FIXED-LENGTH DATA ELEMENTS--GENERAL INFORMATION |
| fixed length control field |
930729s1983 enka 000 0 eng |
| 010 ## - LIBRARY OF CONGRESS CONTROL NUMBER |
| LC control number |
93184155 |
| 020 ## - INTERNATIONAL STANDARD BOOK NUMBER |
| International Standard Book Number |
024051209X |
| 040 ## - CATALOGING SOURCE |
| Original cataloging agency |
DLC |
| Transcribing agency |
DLC |
| Modifying agency |
DLC |
| 041 ## - LANGUAGE CODE |
| Language code of text/sound track or separate title |
eng |
| 080 ## - UNIVERSAL DECIMAL CLASSIFICATION NUMBER |
| Universal Decimal Classification number |
791.450232 MIL |
| 082 00 - DEWEY DECIMAL CLASSIFICATION NUMBER |
| Classification number |
791.450232 MIL |
| Edition number |
20 |
| 100 1# - Rafti |
| Rafti |
39 |
| 101 ## - Shkurtesa |
| Shkurtesa |
MED |
| 245 10 - TITLE STATEMENT |
| Title |
Effective TV production / |
| Statement of responsibility, etc |
Gerald Millerson. |
| 504 ## - BIBLIOGRAPHY, ETC. NOTE |
| Bibliography, etc |
Bibliography: p. 186. |
| 906 ## - LOCAL DATA ELEMENT F, LDF (RLIN) |
| a |
7 |
| b |
cbc |
| c |
orignew |
| d |
3 |
| e |
ncip |
| f |
19 |
| g |
y-gencatlg |
| 942 ## - ADDED ENTRY ELEMENTS (KOHA) |
| Source of classification or shelving scheme |
|
| Item type |
Books |